[Event "2023 WA Open"]
[Site "Perth AUS"]
[Date "2023.06.25"]
[Round "6.13"]
[White "Kerr,Carter"]
[Black "Wu,Kobe"]
[Result "1-0"]
[BlackElo "1523"]
[BlackFideId "3257355"]
[EventDate "2023.05.21"]
[PlyCount "0"]
[WhiteElo "1485"]
[WhiteFideId "3261859"]

1. e4 e5 2. Nf3 Nc6 3. Bc4 Nf6 4. Nc3 Bc5 5. d3 h6 6. O-O d6 7. Na4 Bb6 8. Nxb6
axb6 9. d4 Bg4 10. c3 O-O 11. h3 Bh5 12. Be3 d5 13. exd5 Nxd5 14. dxe5 Nxe3 15.
Qxd8 Raxd8 16. fxe3 Rfe8 17. e6 fxe6 18. Nd4 Bf7 19. Nb5 Re7 20. Rf2 Ne5 21.
Bb3 c6 22. Nd4 Nd3 23. Rd2 Nc5 24. Bc2 Red7 25. Rad1 e5 26. Nf3 Rxd2 27. Rxd2
Rxd2 28. Nxd2 Kf8 29. b4 Nd7 30. a4 Ke7 31. Nf3 Kf6 32. Be4 Bg6 33. Nd2 Bxe4
34. Nxe4+ Ke6 35. c4 Nf6 36. Ng3 c5 37. b5 Ne8 38. Ne4 Nd6 39. Nxd6 Kxd6 40.
Kf2 e4 41. Kg3 Ke5 42. Kg4 g6 43. h4 Kf6 44. Kf4 g5+ 45. hxg5+ hxg5+ 46. Kxe4
Kg6 47. Ke5 Kh5 48. Kf5 Kh4 49. e4 g4 50. e5 Kg3 51. e6 Kxg2 52. Kxg4 Kf2 53.
e7 Ke3 54. e8=Q+ Kd4 55. Qe6 Kd3 56. Qd7+ Kxc4 57. Qxb7 Kb4 58. Qxb6 c4 59. a5
c3 60. a6 c2 61. Qc6 Kb3 62. a7 Kb2 63. a8=Q c1=Q 64. Qxc1+ Kxc1 65. Qg2 Kb1
66. b6 Kc1 67. b7 Kd1 68. b8=Q Kc1 69. Qbh2 Kb1 70. Qb2#  1-0

[Event "2023 WA Open"]
[Site "Perth AUS"]
[Date "2023.06.25"]
[Round "6.14"]
[White "Gunawan,Marco"]
[Black "Perera,Kaviru"]
[Result "1-0"]
[BlackElo "550"]
[BlackFideId "3261565"]
[EventDate "2023.05.21"]
[PlyCount "0"]
[WhiteElo "1676"]
[WhiteFideId "3239101"]

1. c4 e5 2. g3 Nf6 3. Bg2 c6 4. e4 b6 5. Ne2 Bb7 6. Nbc3 Be7 7. O-O O-O 8. d4 d6
9. f4 Nbd7 10. Qc2 a6 11. Be3 Qc7 12. Rac1 b5 13. cxb5 axb5 14. Nxb5 Qb6 15.
Nbc3 exd4 16. Bxd4 c5 17. Bxf6 Bxf6 18. Kh1 Ra7 19. a3 Ba6 20. Rb1 Bxc3 21.
bxc3 Qa5 22. c4 Qxa3 23. Ra1 Qb4 24. Rfb1 Qxc4 25. Qxc4 Bxc4 26. Rxa7 Bxe2 27.
Rxd7 Rc8 28. Rxd6 c4 29. Bf1 Bxf1 30. Rxf1 c3 31. Rfd1 g6 32. Rd8+ Rxd8 33.
Rxd8+ Kg7 34. Rc8 c2 35. Rxc2 f5 36. e5 Kf7 37. Rc7+ Ke6 38. Rxh7 Kd5 39. Rg7
Ke6 40. Rxg6+ Kd5 41. h4 Ke4 42. e6 Kd5 43. e7 Ke4 44. e8=Q+ Kf3 45. Qc6+ Ke3
46. Qc3+ Kf2 47. Rd6 Kf1 48. Qf3+ Ke1 49. Rd1#  1-0

[Event "2023 WA Open"]
[Site "Perth AUS"]
[Date "2023.06.25"]
[Round "6.15"]
[White "Gong,Leo"]
[Black "Milovanovic,Stevica"]
[Result "0-1"]
[BlackElo "1501"]
[BlackFideId "3237540"]
[EventDate "2023.05.21"]
[PlyCount "0"]
[WhiteElo "812"]
[WhiteFideId "3258726"]

1. e4 c6 2. d4 d5 3. Nc3 dxe4 4. Nxe4 Nf6 5. Nc3 Bf5 6. Nf3 e6 7. a3 Bd6 8. Bd3
O-O 9. Bg5 h6 10. Bh4 Re8 11. Ne5 Nbd7 12. Nxd7 Qxd7 13. Bxf6 gxf6 14. O-O Bg6
15. Qg4 h5 16. Qf3 f5 17. Qe3 Kg7 18. Qg5 Be7 19. Qe3 Bf6 20. Ne2 e5 21. dxe5
Rxe5 22. Qg3 h4 23. Qf4 Qe7 24. Rfe1 Bg5 25. Qd4 c5 26. Qc3 Bf6 27. Nf4 Rxe1+
28. Rxe1 Qd6 29. Qd2 c4 30. Nxg6 fxg6 31. b4 cxd3 32. cxd3 Qd4 33. Rc1 Rd8 34.
Rc7+ Rd7 35. Rxd7+ Qxd7 36. h3 Qd4 37. Qc2 Qa1+ 38. Kh2 Be5+ 39. g3 hxg3+ 40.
fxg3 Qxa3 41. Qc5 Qb2+ 42. Kh1 Bxg3 43. Qe7+ Kh6 44. Qe3+ f4 45. Qg1 Qxb4 46.
d4 Qe1 47. d5 Qe4+ 48. Qg2 Qe1+ 49. Qg1 Qf2 50. Qxf2 Bxf2 51. d6 Bh4 52. d7 Bd8
53. Kg1 a5 54. Kf2 a4 55. Kf3 a3 56. Kg4 a2 57. Kxf4 a1=Q 58. Kg4 Qd4+ 59. Kg3
Qxd7 60. Kf4 Kh5 61. Kg3 Bc7+ 62. Kg2 Qd5+ 63. Kf2 Bb6+ 64. Kf1 Qd2  0-1

[Event "2023 WA Open"]
[Site "Perth AUS"]
[Date "2023.07.02"]
[Round "7.1"]
[White "Laubbacher,Jamie"]
[Black "Gong,Patrick"]
[Result "0-1"]
[BlackElo "2536"]
[BlackFideId "3222500"]
[EventDate "2023.05.21"]
[PlyCount "0"]
[WhiteElo "2057"]
[WhiteFideId "3242757"]

1. d4 Nf6 2. c4 g6 3. Nc3 Bg7 4. e4 d6 5. Nf3 O-O 6. h3 c5 7. d5 a6 8. a4 e6 9.
Bd3 exd5 10. exd5 Re8+ 11. Be3 Bh6 12. O-O Bxe3 13. fxe3 Qe7 14. e4 Nbd7 15.
Qd2 Ne5 16. Nxe5 Qxe5 17. a5 Rf8 18. Rf2 Nd7 19. Raf1 f6 20. Na4 Rb8 21. b4 {
White loses on the mobile phone rule.}   0-1

[Event "2023 WA Open"]
[Site "Perth AUS"]
[Date "2023.07.02"]
[Round "7.2"]
[White "Teh,Rui Gen"]
[Black "Spirin, Viktor"]
[Result "1-0"]
[BlackElo "2153"]
[BlackFideId "54131170"]
[EventDate "2023.05.21"]
[PlyCount "0"]
[WhiteElo "2206"]
[WhiteFideId "5749476"]

1. e4 Nf6 2. e5 Nd5 3. d4 d6 4. c4 Nb6 5. exd6 exd6 6. Nc3 Nc6 7. Be3 Be7 8. a3
O-O 9. Bd3 d5 10. c5 Nc4 11. Bxc4 dxc4 12. Nge2 Bf5 13. O-O Bf6 14. Re1 Re8 15.
b3 cxb3 16. Qxb3 Na5 17. Qb4 b6 18. Rad1 Bg5 19. Ng3 Bg4 20. Rc1 Bxe3 21. fxe3
Qg5 22. Nce4 Qg6 23. Nf2 h5 24. d5 Rad8 25. cxb6 cxb6 26. Nxg4 hxg4 27. e4 Nb7
28. Rc7 Nc5 29. Qc4 Rc8 30. Rxc8 Rxc8 31. Nf5 Re8 32. Qd4 Kh7 33. Ng3 f6 34.
Re2 Re5 35. Qe3 Qg5 36. Qxg5 Rxg5 37. Kf2 Kg8 38. Ke3 Kf7 39. Kd4 Re5 40. Rf2
Nd7 41. Rf4 Rg5 42. Rf2 Re5 43. Nf5 g6 44. Nh6+ Ke7 45. Ng8+ Kd6 46. Nxf6 Nc5
47. Rf4 Nb3+ 48. Ke3 Na1 49. Nxg4 Re8 50. Rf6+ Kc5 51. Kd3 Rg8 52. Kc3 Re8 53.
Nf2 Rh8 54. a4  1-0

[Event "2023 WA Open"]
[Site "Perth AUS"]
[Date "2023.07.02"]
[Round "7.3"]
[White "Hare,Tim"]
[Black "Gao,Oscar"]
[Result "1-0"]
[BlackElo "1916"]
[BlackFideId "3235173"]
[EventDate "2023.05.21"]
[PlyCount "0"]
[WhiteElo "2275"]
[WhiteFideId "4300629"]

1. Nf3 d5 2. g3 Nf6 3. Bg2 e6 4. d3 Be7 5. Nbd2 O-O 6. O-O c6 7. e4 b6 8. e5
Nfd7 9. Re1 Bb7 10. Nf1 c5 11. h4 Nc6 12. Bf4 Re8 13. N1h2 f6 14. Ng4 fxe5 15.
Ngxe5 Ndxe5 16. Nxe5 Bf6 17. Qh5 g6 18. Qg4 Qe7 19. Nxc6 Bxc6 20. Be5 Qg7 21.
f4 Rac8 22. Bxf6 Qxf6 23. Re5 c4 24. d4 c3 25. bxc3 Ba4 26. Rae1 Rxc3 27. Bxd5
exd5 28. Rxe8+ Bxe8 29. Rxe8+ Kg7 30. Re5 Rxc2 31. Rxd5 Rxa2 32. h5 Qc6 33. h6+
Kxh6 34. Qh4+ Kg7 35. Qe7+ Kh6 36. Rh5+  1-0

[Event "2023 WA Open"]
[Site "Perth AUS"]
[Date "2023.07.02"]
[Round "7.4"]
[White "King,David"]
[Black "Gulley,Trent"]
[Result "1/2-1/2"]
[BlackElo "1924"]
[BlackFideId "3241670"]
[EventDate "2023.05.21"]
[PlyCount "0"]
[WhiteElo "2058"]
[WhiteFideId "3246680"]

1. e4 c5 2. Nf3 e6 3. d4 cxd4 4. Nxd4 Nc6 5. Nc3 Qc7 6. Be3 a6 7. Be2 Nf6 8. O-O
b5 9. Nxc6 dxc6 10. Bf3 Bd6 11. h3 O-O 12. Qe2 Be5 13. Rad1 Bb7 14. Bd4 a5 15.
Rfe1 a4 16. a3 Ba6 17. Bxe5 Qxe5 18. Qe3 Qc7 19. Ne2 e5 20. Nc1 c5 21. Rd2 Nd7
22. Red1 Nb6 23. Be2 b4 24. Bxa6 Rxa6 25. Qe2 Raa8 26. Na2 bxa3 27. bxa3 c4 28.
Nc3 Qc5 29. Nb1 h6 30. Rd6 Rab8 31. Qg4 Kh8 32. Qg3 f5 33. exf5 Rxf5 34. Qe3
Qxe3 35. fxe3 c3 36. Nxc3 Nc4 37. Rd8+ Rxd8 38. Rxd8+ Kh7 39. e4 Rf4 40. Rd5
Nxa3 41. Rxe5 Nxc2 42. Nxa4 Ne3 43. Nb6 Rf1+ 44. Kh2 Rf2 45. Kg3 Rxg2+ 46. Kf3
Rb2 { Draw agreed}   1/2-1/2

[Event "2023 WA Open"]
[Site "Perth AUS"]
[Date "2023.07.02"]
[Round "7.5"]
[White "Gough,Dylan"]
[Black "Andador,Dominador"]
[Result "1/2-1/2"]
[BlackElo "1819"]
[BlackFideId "3239080"]
[EventDate "2023.05.21"]
[PlyCount "0"]
[WhiteElo "1762"]
[WhiteFideId "3243176"]

1. d4 d5 2. c4 c6 3. e3 Nf6 4. Nc3 Bf5 5. cxd5 cxd5 6. Bd3 Bg6 7. Bxg6 hxg6 8.
Nf3 e6 9. Ne5 Nbd7 10. Nxd7 Qxd7 11. Bd2 Bd6 12. h3 Rc8 13. Qe2 Bb8 14. Rc1 a6
15. Qd3 Rh5 16. Ne2 Rxc1+ 17. Bxc1 Qc7 18. Qc3 Ne4 19. Qxc7 Bxc7 20. Nc3 Ba5
21. Bd2 Bxc3 22. Bxc3 Nxc3 23. bxc3 Kd7 24. Ke2 Rh8 25. Rc1 Rc8 26. Kd3 Rc4 27.
e4 b5 28. exd5 exd5 29. Rb1 { Draw agreed}   1/2-1/2

[Event "2023 WA Open"]
[Site "Perth AUS"]
[Date "2023.07.02"]
[Round "7.6"]
[White "Hernandez Mendez,Iker"]
[Black "Saxon,Marc"]
[Result "0-1"]
[BlackElo "2053"]
[BlackFideId "3250628"]
[EventDate "2023.05.21"]
[PlyCount "0"]
[WhiteElo "2158"]
[WhiteFideId "3243214"]

1. e4 c5 2. Nf3 g6 3. c3 Bg7 4. Bc4 e6 5. d4 cxd4 6. cxd4 d5 7. Bb5+ Bd7 8.
Bxd7+ Qxd7 9. e5 Nc6 10. O-O Nge7 11. Nc3 O-O 12. Bg5 h6 13. Bxe7 Nxe7 14. Rc1
Rac8 15. Qb3 Rc6 16. Nb5 Rb6 17. Rc7 Qxc7 18. Nxc7 Rxb3 19. axb3 a6 20. b4 Rc8
21. Rc1 Nc6 22. b5 Rxc7 23. bxc6 Rxc6 24. Rxc6 bxc6 25. Ne1 g5 26. Nd3 f6 27.
b4 Kf7 28. f3 fxe5 29. dxe5 Bf8 30. Kf2 Ke8 31. Ke3 Kd7 32. Kd4 Kc7 33. g3 Kb6
34. f4 gxf4 35. gxf4 Bxb4 36. Nxb4 c5+ 37. Kc3 cxb4+ 38. Kxb4 Kc6 39. Ka5 Kd7 
0-1

[Event "2023 WA Open"]
[Site "Perth AUS"]
[Date "2023.07.02"]
[Round "7.7"]
[White "Clarke,Daniel"]
[Black "Hardegen,Kathryn"]
[Result "0-1"]
[BlackElo "1924"]
[BlackFideId "3226778"]
[EventDate "2023.05.21"]
[PlyCount "0"]
[WhiteElo "1902"]
[WhiteFideId "3247570"]

1. e4 e6 2. d4 d5 3. e5 c5 4. c3 Nc6 5. Nf3 Qb6 6. a3 a5 7. Bd3 Bd7 8. Bc2 Nh6
9. b4 axb4 10. Bxh6 gxh6 11. cxb4 cxb4 12. a4 Na5 13. Nbd2 Qa6 14. Nb3 Nxb3 15.
Bxb3 Bb5 16. Rc1 Bd3 17. Bc2 Bc4 18. Nd2 Be7 19. f4 Rg8 20. Kf2 Qb6 21. Nf3 b3
22. Bxh7 Rg7 23. Bd3 Rxa4 24. Rb1 Ra2+ 25. Ke3 Rgxg2 26. Ra1 Qa5 27. Rxa2 bxa2
28. Bxc4 dxc4 29. Qc1 b5  0-1

[Event "2023 WA Open"]
[Site "Perth AUS"]
[Date "2023.07.02"]
[Round "7.8"]
[White "Shah Mansouri,Kevin"]
[Black "Kerr,Carter"]
[Result "1-0"]
[BlackElo "1485"]
[BlackFideId "3261859"]
[EventDate "2023.05.21"]
[PlyCount "0"]
[WhiteElo "1947"]
[WhiteFideId "3266877"]

1. e4 c5 2. Nf3 e6 3. d4 cxd4 4. Nxd4 Nf6 5. Nc3 Bb4 6. Bd3 Nc6 7. Be3 Ne5 8.
O-O O-O 9. h3 Nxd3 10. cxd3 d5 11. e5 Nd7 12. f4 Bc5 13. Na4 Bxd4 14. Bxd4 b5
15. Nc5 Qb6 16. b4 a5 17. Nb3 Qd8 18. Nxa5 Nb6 19. Bc5 Re8 20. Nc6 Qc7 21. Nd4
Nd7 22. Nxb5 Qc6 23. Nd4 Qc7 24. Nb5 Qc6 25. Na7 Qb7 26. Nxc8 Rexc8 27. d4 Nxc5
28. bxc5 Ra3 29. Rf3 Rxf3 30. Qxf3 Qb2 31. Qd1 Qc3 32. Kh1 Qe3 33. a4 Rb8 34.
Rb1 Rxb1 35. Qxb1 g6 36. Qa1 Qd3 37. a5 Qa6 38. Kh2 Kf8 39. Qa3 Qf1 40. Qe3 Ke7
41. Qd2 Kd7 42. Kg3 Kc6 43. Qb4 Qd3+ 44. Kh2 Qe3 45. Qb6+ Kd7 46. Qb7+ Ke8 47.
Qb2 Qxf4+ 48. g3 Qf1 49. Qa2 Qa6 50. Kg2 Kd7 51. g4 Qd3 52. Qf2 Qe4+ 53. Kh2
Ke7 54. a6 Qd3 55. a7 Qa6 56. Qf6+ Kd7 57. Qxf7+ Kc8 58. Qxe6+ Qxe6 59. a8=Q+
Kc7 60. Qa7+ Kc8 61. Qxh7 Qa6 62. Qg8+ Kc7 63. Qf7+ Kb8 64. Qe8+ Kc7 65. Qf7+
Kc8 66. Qxd5 Qe2+ 67. Qg2 Qc4 68. Qf3 Qc2+ 69. Kg3 Qc1 70. c6 Qg1+ 71. Kh4 Qe1+
72. Kg5 Qc1+ 73. Kxg6 Qc2+ 74. Qf5+  1-0

[Event "2023 WA Open"]
[Site "Perth AUS"]
[Date "2023.07.02"]
[Round "7.9"]
[White "Barry,David"]
[Black "Gunawan,Marco"]
[Result "1-0"]
[BlackElo "1676"]
[BlackFideId "3239101"]
[EventDate "2023.05.21"]
[PlyCount "0"]
[WhiteElo "1919"]
[WhiteFideId "3234487"]

1. e4 d5 2. exd5 Nf6 3. d4 Bg4 4. Nf3 Qxd5 5. Be2 Nbd7 6. Nc3 Qh5 7. O-O O-O-O
8. h3 e5 9. Ng5 Bxe2 10. Qxe2 exd4 11. Qxh5 Nxh5 12. Nxf7 dxc3 13. Nxh8 Bc5 14.
Nf7 Rf8 15. Ng5 Ng3 16. Ne6 Ne2+ 17. Kh2 Bd6+ 18. f4 Rf6 19. Nxg7 Nxf4 20. Ne8
Be5 21. g3 cxb2 22. Bxb2 Bxb2 23. Nxf6 Bxa1 24. Nxd7 Kxd7 25. Rxf4 h6 26. Rf7+ 
1-0

[Event "2023 WA Open"]
[Site "Perth AUS"]
[Date "2023.07.02"]
[Round "7.10"]
[White "Gunawan,Tjermin"]
[Black "Deng,Eric"]
[Result "1/2-1/2"]
[BlackElo "1588"]
[BlackFideId "3254356"]
[EventDate "2023.05.21"]
[PlyCount "0"]
[WhiteElo "1910"]
[WhiteFideId "3239110"]

1. d4 d5 2. Nf3 Nf6 3. g3 Bf5 4. Bg2 e6 5. c4 c6 6. Nc3 Be7 7. Nh4 Bg6 8. Qb3
Qc7 9. Bf4 Qc8 10. O-O dxc4 11. Qxc4 Nbd7 12. Rac1 O-O 13. Nxg6 hxg6 14. e4 Qd8
15. Bh3 Nb6 16. Qd3 c5 17. e5 Nfd5 18. Be3 Nb4 19. Qd1 c4 20. a3 Nd3 21. Rb1
Nd5 22. Bg2 Nxb2 23. Rxb2 Nxc3 24. Qc2 Nd5 25. Qxc4 Nxe3 26. fxe3 Rc8 27. Qb3
b6 28. a4 Qc7 29. Qb5 Qc4 30. Rfb1 Bg5 31. Re1 Qxb5 32. axb5 Rc3 33. Kf2 Rfc8
34. h4 Be7 35. Ree2 Ra3 36. Bc6 Rd8 37. Ra2 Ra5 38. Reb2 Bb4 39. Ke2 Kh8 40.
Rc2 Kg8 41. Kf3 Kh8 42. Rh2 Kg8 43. g4 Rc8 44. g5 Rc7 45. Rxa5 bxa5 46. Rc2 Kf8
47. e4 Ke7 48. d5 Ba3 49. d6+ Bxd6 50. exd6+ Kxd6 51. Ra2 a6 52. Rxa5 axb5 53.
Bxb5 Rc3+ 54. Kg4 f5+ 55. gxf6 gxf6 56. Be8 f5+ 57. exf5 exf5+ 58. Kg5 Rg3+ 59.
Kf6 Rg4 60. Bxg6 Rxh4 61. Rxf5 Re4 62. Kg5 Re5  1/2-1/2

[Event "2023 WA Open"]
[Site "Perth AUS"]
[Date "2023.07.02"]
[Round "7.11"]
[White "Ong,Celine"]
[Black "Taylor,Noah"]
[Result "1/2-1/2"]
[BlackElo "1815"]
[BlackFideId "3250121"]
[EventDate "2023.05.21"]
[PlyCount "0"]
[WhiteElo "1610"]
[WhiteFideId "3238717"]

1. e4 e5 2. Nf3 Nc6 3. Nc3 Nf6 4. d4 exd4 5. Nxd4 Bc5 6. Be3 Bb6 7. Bc4 O-O 8.
Qd2 Re8 9. f3 d5 10. Nxc6 bxc6 11. Bxb6 axb6 12. O-O-O { [%csl Ge6]}  12... Be6
13. exd5 Bxd5 14. Nxd5 cxd5 15. Bb3 c5 16. Bxd5 Qxd5 17. Qxd5 Nxd5 18. Rxd5
Rxa2 19. Rhd1 g6 20. Kb1 Ra6 21. Rd8 Kf8 22. Rxe8+ Kxe8 23. Rd6 Ke7 24. Rc6 Kd7
25. Rf6 Ke7 26. Rc6 Kd7 27. Rf6  1/2-1/2

[Event "2023 WA Open"]
[Site "Perth AUS"]
[Date "2023.07.02"]
[Round "7.12"]
[White "Huang,Hui"]
[Black "Kerr,Lennon"]
[Result "1-0"]
[BlackElo "1576"]
[BlackFideId "3261735"]
[EventDate "2023.05.21"]
[PlyCount "0"]
[WhiteElo "1705"]
[WhiteFideId "3247597"]

1. d4 d5 2. Bf4 c5 3. e3 Nc6 4. c3 Nf6 5. Nf3 e6 6. Nbd2 Bd6 7. dxc5 Bxc5 8. Bd3
O-O 9. O-O Re8 10. e4 e5 11. Bg5 Be6 12. exd5 Bxd5 13. c4 Be6 14. Ne4 Be7 15.
Bxf6 Bxf6 16. a3 Bg4 17. Be2 Qe7 18. Qc2 Bf5 19. Bd3 Bg4 20. Nxf6+ Qxf6 21.
Bxh7+ Kh8 22. Be4 Bxf3 23. Bxf3 Nd4 24. Qe4 Qg5 25. Qg4 Qh6 26. Qh5 Nxf3+ 27.
Qxf3 Qg6 28. b4 e4 29. Qg3 Qf6 30. Qe3 Qg6 31. Rad1 f5 32. c5 Qf6 33. Rd6 Qe5
34. f4 Qe7 35. Qh3+ Kg8 36. Qxf5 e3 37. Qe5 Qh4 38. Re6 Rad8 39. Qxe3 Qxf4 40.
Rxe8+  1-0

[Event "2023 WA Open"]
[Site "Perth AUS"]
[Date "2023.07.02"]
[Round "7.13"]
[White "Wu,Kobe"]
[Black "Sheridan,Wallace"]
[Result "1/2-1/2"]
[BlackElo "1691"]
[BlackFideId "3206769"]
[EventDate "2023.05.21"]
[PlyCount "0"]
[WhiteElo "1523"]
[WhiteFideId "3257355"]

1. e4 d6 2. d4 Nf6 3. Nc3 e5 4. Nf3 Nbd7 5. Be2 c6 6. O-O Be7 7. h3 b5 8. a3 a6
9. Be3 O-O 10. Re1 Qc7 11. Bg5 Re8 12. Qd2 h6 13. Bh4 exd4 14. Qxd4 c5 15. Qe3
Bb7 16. Bf1 Bf8 17. Qd3 a5 18. Nxb5 Qb6 19. Nc3 Ne5 20. Nxe5 dxe5 21. Qb5 Qc6
22. Qxc6 Bxc6 23. Bb5 Rac8 24. Rad1 Nh5 25. Bxc6 Rxc6 26. Rd8 Rce6 27. f3 Nf4
28. Rxe8 Rxe8 29. b3 Ne6 30. Ne2 c4 31. bxc4 Rc8 32. Rd1 Rxc4 33. c3 Bxa3 34.
Rd5 Rc5 35. Bf2 Rxd5 36. exd5 Nc5 37. c4 Kf8 38. Kf1 Ke7 39. Nc3  1/2-1/2

[Event "2023 WA Open"]
[Site "Perth AUS"]
[Date "2023.07.02"]
[Round "7.14"]
[White "Milovanovic,Stevica"]
[Black "Peiris,Sasanka Lahiru"]
[Result "1-0"]
[BlackElo "1430"]
[BlackFideId "9923667"]
[EventDate "2023.05.21"]
[PlyCount "0"]
[WhiteElo "1501"]
[WhiteFideId "3237540"]

1. d4 c6 2. Bf4 d5 3. Nf3 Bg4 4. e3 e6 5. Nbd2 Bd6 6. Bg3 Bxg3 7. hxg3 Nf6 8.
Be2 Nbd7 9. c3 Qb6 10. Qb3 Qxb3 11. axb3 c5 12. Bb5 a6 13. dxc5 O-O 14. Bxd7
Nxd7 15. b4 a5 16. O-O a4 17. Ra3 b5 18. cxb6 Nxb6 19. Nd4 Rfc8 20. f3 Bh5 21.
Re1 Bg6 22. Raa1 Bd3 23. Kf2 h6 24. Ne2 e5 25. f4 e4 26. Nd4 Nc4 27. Nxc4 dxc4
28. Ra3 Ra6 29. Nf5 Rb8 30. Nd4 g6 31. g4 f6 32. Rh1 Kg7 33. Raa1 Rba8 {
Scoresheets incompatible with each other and make no sense. Transcribing
terminated. White won after 75 moves.}   1-0

[Event "2023 WA Open"]
[Site "Perth AUS"]
[Date "2023.07.02"]
[Round "7.16"]
[White "Perera,Kaviru"]
[Black "Ashok,Akash"]
[Result "0-1"]
[BlackElo "847"]
[BlackFideId "3261417"]
[EventDate "2023.05.21"]
[PlyCount "0"]
[WhiteElo "550"]
[WhiteFideId "3261565"]

1. e4 e5 2. Nf3 Nc6 3. Nc3 Nf6 4. d4 exd4 5. Nxd4 Nxd4 6. Qxd4 d6 7. Bc4 { [%csl
Gc4]}  7... Be7 8. O-O O-O 9. Re1 Be6 10. Bb3 a6 11. Re3 Ng4 12. Rd3 c5 13. Qa4
b5 14. Qa3 b4 15. Qa4 Bd7 16. Qxd7 Qxd7 17. Nd5 Rab8 18. h3 Ne5 19. Rd1 Bd8 20.
f4 Ng6 21. g3 Ne7 22. Nxe7+ Qxe7 23. h4 Qxe4 24. Bd5 Qg6 25. c3 Qxg3+ 26. Kf1
Bxh4 27. Bxf7+ Rxf7 28. Rxd6 Qf2#  0-1